[Event "IRT Club Caissa 2019"]
[Site "Guatemala"]
[Date "2019.01.10"]
[Round "3.6"]
[White "Garcia, Douglas"]
[Black "Mitkov, Nikola"]
[Result "0-1"]
[WhiteElo "2177"]
[BlackElo "2477"]
[Annotator "TA"]
[PlyCount "124"]
[EventDate "2019.01.09"]
[EventType "swiss"]
[EventCountry "GUA"]
[SourceTitle "playchess.com"]
[Source "ChessBase"]
[SourceQuality "1"]

{[%evp 17,124,0,0,-20,0,-1,2,4,15,13,11,-25,-24,-41,-33,-129,-66,-83,-33,-58,18,18,12,10,46,20,23,0,0,0,0,0,0,0,11,0,23,35,40,39,34,15,36,0,0,0,0,0,0,0,0,0,0,0,0,0,0,0,0,-4,-4,-5,-5,-22,-18,-26,-22,-18,0,0,0,0,-7,0,0,-8,-8,-8,-6,-8,-8,-8,-8,-8,-8,-8,-8,-8,-8,0,0,0,0,0,0,0,0,0,0,0,0,0,0,0,0,0,0,-26,-28]} 1. d4 d5 2. c4 e6 3. Nc3 Bb4 4. cxd5 exd5 5. Nf3 Nf6 6. Bg5 h6 7. Bxf6 Qxf6 8. a3 Bxc3+ 9. bxc3 O-O {LiveBook: 8 Games. D38: Queen's Gambit Declined: Ragozin Defence (4 Nf3 Bb4)} 10. Qb3 (10. e3 c5 11. c4 dxc4 12. Bxc4 Nc6 13. dxc5 Bg4 14. O-O Rad8 15. Qc2 Bxf3 16. gxf3 Ne5 17. f4 Nf3+ 18. Kg2 Qc6 {0-1 (26) Hole,O (2333)-Tari,A (2581) Norway 2017}) 10... Qb6 11. Nd2 Be6 {The position is equal.} 12. e3 $146 ({Predecessor:} 12. Rb1 Nd7 13. e3 Bf5 14. Rc1 Qd6 15. Be2 c5 16. Bf3 {0-1 (70) Khazhomia,S (2125)-Zawadzka,J (2359) Kavala 2012}) 12... Nd7 13. Bd3 Rfc8 14. Rb1 c5 {aiming for ...Qxb3.} 15. Qa4 Qc7 16. Ke2 {[#]} (16. Rc1 $15) 16... Bg4+ (16... a6 $1 $17 17. Nf3 b5) 17. Nf3 $15 Nb6 18. Qa5 Nd7 (18... Qd6 $15) 19. Qxc7 $11 Rxc7 20. h3 Bxf3+ (20... Be6 {is more complex.} 21. Rhc1 b6 22. a4 Rac8 23. a5 bxa5 24. Ra1 cxd4 25. Nxd4 Rxc3 26. Rxc3 Rxc3 27. Rxa5 Nc5) 21. Kxf3 Nb6 22. Rhc1 Rac8 23. Bf5 Rd8 24. Bd3 Rdc8 25. Bf5 Rd8 26. Bd3 cxd4 27. cxd4 Rdc8 28. Rxc7 Rxc7 $14 {[%mdl 4096] Endgame KRB-KRN} 29. Rb3 Kf8 30. e4 Ke7 31. Ke2 dxe4 32. Bxe4 Kd6 33. Kd2 Nc4+ 34. Kd3 b6 35. a4 g6 36. g4 Ke6 37. Rb5 {[#] Threatens to win with Bd5+.} Nd6 38. Re5+ Kd7 39. Bd5 Rc1 40. Bb3 Rb1 41. Kc2 Rf1 42. Re2 Rh1 43. Re3 Rf1 44. Rf3 f5 45. Kd3 Rb1 46. Kc2 Ra1 47. Re3 Rf1 48. Rf3 Rg1 49. Re3 Rg2 50. Be6+ Kd8 51. Rf3 {[%cal Rg4f5]} fxg4 52. hxg4 Ne4 53. Kd3 $1 {[%cal Rd3e4]} Ng5 54. Rf8+ Ke7 55. Bd5 Rxg4 56. Ra8 Kd6 57. Rd8+ Kc7 58. Rg8 Nh3 59. Bf3 Rg1 60. Rg7+ Kd6 61. Rxa7 Ra1 {Strongly threatening ...Ra3+.} 62. Rb7 Ra3+ {[%mdl 32768] Accuracy: White = 60%, Black = 68%. . Loss on time!?} 0-1

[Event "IRT Club Caissa 2019"]
[Site "Guatemala"]
[Date "2019.01.10"]
[Round "3.7"]
[White "Garcia Fuentes, Sergio Miguel"]
[Black "Gonzalez Zamora, Juan Carlos"]
[Result "1/2-1/2"]
[WhiteElo "2155"]
[BlackElo "2529"]
[Annotator "TA"]
[PlyCount "110"]
[EventDate "2019.01.09"]
[EventType "swiss"]
[EventCountry "GUA"]
[SourceTitle "playchess.com"]
[Source "ChessBase"]
[SourceQuality "1"]

{[%evp 9,110,16,14,18,21,-11,17,17,13,0,0,0,40,14,15,-1,6,-14,0,-32,-21,-55,-21,-10,0,0,0,0,0,0,0,0,0,0,0,2,30,31,71,29,40,12,0,2,75,75,66,61,65,12,71,74,66,0,0,0,0,0,0,0,0,-210,-207,-329,-329,-329,-323,-316,-318,-289,-315,-570,-544,-1380,-1379,-1468,-1192,-1173,-831,-793,-676,-29964,-29967,-29965,-29966,-29964,-29964,-29968,-29968,-29963,-29971,-29971,-29975,-29975,-29978,-29977,-29977,-29982,-29983,-29983,-29984,-29984,-29985]} 1. d4 Nf6 2. Nf3 c5 3. d5 a6 (3... b5 4. c4 bxc4 5. Nc3 d6 6. e4 g6 7. h3 Bg7 8. Bxc4 O-O 9. O-O Nbd7 10. Re1 a5 11. Bf4 Ba6 12. Bxa6 Rxa6 13. e5 dxe5 14. Nxe5 Nxe5 15. Bxe5 Rb6 16. Qd2 Rb4 17. a3 {½-½ (41) Kamsky,G (2666)-Alekseev,E (2620) Sochi 2018}) 4. Bg5 d6 5. Bxf6 $146 ({Predecessor:} 5. a4 Ne4 6. Bh4 Bf5 7. e3 h6 8. Bd3 g5 9. Nfd2 Qa5 10. Bg3 Bg7 11. O-O Nxg3 {1-0 (45) Zajogin,A (2380)-Milov,L (2422) Bayern 2016}) 5... exf6 6. e4 {A43: Schmid Benoni} g6 7. a4 Bg7 8. Bd3 {The position is equal.} f5 9. exf5 Bxb2 10. Ra2 Bg7 (10... Qe7+ {is interesting.} 11. Qe2 Bf6 12. Nbd2 Bxf5 13. Bxf5 gxf5 14. Ra3 Qxe2+ 15. Kxe2 Kd8) 11. O-O O-O 12. c4 Nd7 {[%cal Bb8d7,Bd7f6,Bf6h5,Bh5f4][%mdl 32]} 13. Re1 Nf6 14. Rae2 Bd7 {[%cal Bc8d7,Bd7a4,Ba4b3][%mdl 32]} 15. Nc3 Nh5 (15... Qa5 $5 {[%cal Ra5c3]} 16. Qd2 Bxa4 $11) 16. Qd2 Qa5 17. Ne4 Qxd2 $1 18. Rxd2 Bxa4 19. Ra2 b5 20. Nxd6 Nf4 21. Bf1 $1 $36 {[%mdl 2048] White has the initiative.} Bb3 22. Ra3 bxc4 (22... Bc2 {seems wilder.} 23. cxb5 axb5 24. Rxa8 Rxa8 25. Bxb5 Rd8) 23. Nxc4 Rfb8 24. fxg6 (24. d6 $5 {[%cal Rd6d7]}) 24... hxg6 25. Nfd2 Bxc4 26. Bxc4 a5 (26... Rd8 $11) 27. g3 Rb2 28. Ne4 Rc2 29. Bb3 (29. Ra4 $14 Nh5 30. d6) 29... Ne2+ (29... Re2 $1 $11 {remains equal.} 30. Rxe2 Nxe2+ 31. Kf1 Nc3 32. Nxc3 (32. Nxc5 Bf8 $11) 32... Bxc3) 30. Kf1 Nd4 31. Bxc2 (31. Ba4 $14) 31... Nxc2 $11 32. Ra4 {[#] Threatens to win with Rc1.} Nxe1 33. Kxe1 {[%mdl 4096] Endgame KRB-KRN} Bd4 {White must now prevent ...Re8.} 34. Kf1 Kf8 35. Rc4 $2 {[#]} (35. Nd2 $11) 35... a4 $1 $19 {[%cal Ba5a4,Ba4a3,Ba3a2][%mdl 32] aiming for ...a3.} 36. Nxc5 (36. Rc2 $142) 36... Bxc5 37. Rxc5 {KR-KR} a3 38. Rc1 a2 39. Ra1 Ke7 40. h4 $2 (40. h3) 40... Kd6 41. Kg2 Kxd5 42. g4 Ke4 43. h5 gxh5 44. gxh5 Kf5 45. h6 Kg6 {Black mates.} 46. Kg3 Kxh6 47. Kf4 Kg6 48. Kg4 Kf6 49. Kf4 Ra4+ 50. Kg3 Kf5 51. Kf3 Ra3+ 52. Ke2 Kf4 53. Kf1 Kf3 54. Ke1 f5 55. Kd2 Kxf2 {[%mdl 32768] Precision: White = 31%, Black = 66%. . An unexpected result.} 1/2-1/2

[Event "IRT Club Caissa 2019"]
[Site "Guatemala"]
[Date "2019.01.10"]
[Round "3.8"]
[White "Zaragatski, Ilja"]
[Black "Gavarrete, Joel"]
[Result "1-0"]
[WhiteElo "2465"]
[BlackElo "2040"]
[Annotator "TA"]
[PlyCount "59"]
[EventDate "2019.01.09"]
[EventType "swiss"]
[EventCountry "GUA"]
[SourceTitle "playchess.com"]
[Source "ChessBase"]
[SourceQuality "1"]

{[%evp 12,59,29,27,27,21,12,27,20,16,36,36,41,37,40,43,41,29,49,40,38,50,88,91,109,103,189,197,185,146,132,121,341,350,331,341,325,303,400,393,637,612,890,878,914,870,2218,2148,29992,29993]} 1. c4 Nf6 2. g3 g6 3. Bg2 Bg7 4. Nc3 O-O 5. d3 d6 6. Rb1 c5 {A16: English Opening: 1...Nf6 with ...d5} (6... a5 7. a3 e5 8. b4 axb4 9. axb4 c6 10. e4 Be6 11. Nge2 d5 12. exd5 cxd5 13. cxd5 Nxd5 14. O-O Nc6 15. b5 {0-1 (51) Zaragatski,I (2495)-Predojevic,B (2621) Germany 2018}) 7. a3 {LiveBook: 5 Games} Nbd7 8. e3 $146 ({Predecessor:} 8. b4 Rb8 9. Bd2 b6 10. Nf3 Bb7 11. O-O Ne8 12. Qc1 Nc7 13. Bh6 e5 14. Bxg7 Kxg7 {1-0 (29) Loew,G (2263)-Bykhovsky,A (2458) Bad Wiessee 2006}) 8... Rb8 {The position is equal.} 9. b4 a6 10. b5 a5 11. Nge2 b6 12. O-O Bb7 13. e4 e6 14. h3 d5 15. exd5 exd5 16. cxd5 Ne8 17. d4 Rc8 18. dxc5 Rxc5 {[#]} (18... Nxc5 $16 19. Nd4 Qd7) 19. Na4 $1 $18 Rc4 20. Be3 Nd6 21. Nd4 Nc5 $2 (21... Bxd4 $16 {is a better defense.} 22. Bxd4 Re8) 22. Nxc5 bxc5 23. Nc6 Qb6 24. a4 Re8 25. Re1 Ne4 $2 (25... Rxe3 26. Rxe3 Bf6) 26. Rc1 Nc3 27. Qd3 Rxa4 28. Rxc3 Bxc3 29. Qxc3 {[#] Threatening mate with Bh6.} Qxb5 30. Bh6 {Accuracy: White = 88%, Black = 29%.} 1-0

[Event "IRT Club Caissa 2019"]
[Site "Guatemala"]
[Date "2019.01.10"]
[Round "4"]
[White "Almeida Quintana, Omar"]
[Black "Strikovic, Aleksa"]
[Result "1/2-1/2"]
[WhiteElo "2540"]
[BlackElo "2490"]
[Annotator "TA"]
[PlyCount "33"]
[EventDate "2019.01.09"]
[EventType "swiss"]
[EventCountry "GUA"]
[SourceTitle "playchess.com"]
[Source "ChessBase"]
[SourceQuality "1"]

{[%evp 19,33,0,9,-14,29,29,25,-7,-8,-2,4,0,4,1,1,0]} 1. d4 d6 2. Nf3 Nf6 3. e3 g6 4. b4 Bg7 5. Bb2 O-O 6. c4 e5 7. dxe5 {E60: King's Indian: Unusual lines and Fianchetto Variation without Nc3} Nfd7 8. Nc3 Nxe5 9. Nxe5 Bxe5 10. Be2 a5 {LiveBook: 4 Games} 11. a3 Nd7 $146 {[%cal Bb8d7,Bd7b6,Bb6a4][%mdl 32]} ({Predecessor:} 11... Qh4 12. g3 Qh3 13. Bf1 Qg4 14. Be2 Qh3 {½-½ (40) Macieja,B (2584)-Gdanski,J (2523) Warsaw 2002}) 12. O-O Nb6 13. Rb1 axb4 {The position is equal.} 14. axb4 Be6 15. Nd5 Na4 16. Bxe5 dxe5 17. Ra1 1/2-1/2

[Event "IRT Club Caissa 2019"]
[Site "Guatemala"]
[Date "2019.01.10"]
[Round "4"]
[White "Gonzalez Zamora, Juan Carlos"]
[Black "Morales, Carlos"]
[Result "1-0"]
[WhiteElo "2529"]
[BlackElo "2005"]
[Annotator "TA"]
[PlyCount "71"]
[EventDate "2019.01.09"]
[EventType "swiss"]
[EventCountry "GUA"]
[SourceTitle "playchess.com"]
[Source "ChessBase"]
[SourceQuality "1"]

{[%evp 16,71,30,37,48,27,43,27,42,30,53,24,26,26,43,48,72,70,94,93,93,93,108,91,92,87,140,80,144,141,128,120,129,128,270,197,179,189,191,176,215,214,296,300,388,387,387,392,662,647,643,622,707,709,936,924,1639,1641]} 1. d4 {[%cal Bd2d4,Bd4d5][%mdl 32]} Nf6 2. c4 c5 3. d5 g6 4. Nc3 Bg7 5. e4 O-O 6. Bd3 e6 7. Nge2 exd5 8. cxd5 d6 9. O-O {LiveBook: 552 Games} Qe7 {A65: Modern Benoni: 6 e4} (9... a6 10. a4 Re8 11. Ng3 b6 12. h3 Ra7 13. Bg5 h6 14. Bd2 Nh7 15. f4 h5 16. Kh1 h4 17. Nge2 Nd7 18. Be1 Rc7 {½-½ (75) Jumabayev,R (2605)-Amonatov,F (2615) Batumi 2018}) 10. h3 Nbd7 11. Ng3 Ne8 $146 {White has an edge.} ({Predecessor:} 11... a6 12. a4 b6 13. f4 h5 14. e5 dxe5 {1-0 (24) Adams,S (1694)-Essa,N (1785) Bloemfontein 2016}) 12. Be3 a6 13. a4 Rb8 14. Qd2 $36 {[%mdl 2048] White is pushing.} Ne5 15. Be2 b6 16. Rab1 b5 17. axb5 axb5 18. b4 {Strongly threatening bxc5.} c4 19. f4 Nd7 20. Bd4 Bh6 (20... Qh4 $142 21. Bxg7 Nxg7) 21. Qe1 (21. Bd1 $142) 21... f6 (21... Bg7 $142 22. Bxg7 Nxg7) 22. Bg4 Nc7 23. Qf2 Bg7 24. Ra1 Na6 (24... Ne5 $16) 25. Rfb1 Nc7 26. Ra7 Bb7 27. Bxd7 Qxd7 28. f5 g5 29. Nce2 {[%cal Bc3e2,Be2d4,Bd4e6][%mdl 32]} Qe8 30. Bc3 Rf7 31. Nd4 Bxd5 $2 {[#]} (31... h5 32. Ne6 h4) 32. Rxc7 $18 {White is clearly winning.} Rxc7 33. exd5 Bh8 34. Ne6 Re7 35. Ne4 {[%mdl 64] [#] Double Attack} Qh5 36. Bxf6 {[%mdl 64] Double Attack. Accuracy: White = 74%, Black = 34%.} 1-0

[Event "IRT Club Caissa 2019"]
[Site "Guatemala"]
[Date "2019.01.10"]
[Round "4"]
[White "Barrientos, Sergio E"]
[Black "Zaragatski, Ilja"]
[Result "0-1"]
[WhiteElo "2494"]
[BlackElo "2465"]
[Annotator "TA"]
[PlyCount "72"]
[EventDate "2019.01.09"]
[EventType "swiss"]
[EventCountry "GUA"]
[SourceTitle "playchess.com"]
[Source "ChessBase"]
[SourceQuality "1"]

{[%evp 23,72,-67,-34,-52,-32,-69,-66,-17,-31,-65,0,0,0,-72,-71,-63,-70,-67,-56,-57,-65,-80,-73,-130,-106,-196,-185,-198,-192,-165,-126,-148,-187,-288,-236,-236,-207,-462,-483,-483,-460,-583,-595,-722,-741,-819,-816,-1164,-1139,-29996,-29997]} 1. d4 Nf6 2. Nf3 c5 3. g3 cxd4 4. Nxd4 d5 {[%cal Bd7d5,Bd5d4][%mdl 32]} 5. Bg2 e5 6. Nb3 Be6 7. O-O Nc6 8. Bg5 Be7 9. Nc3 d4 {A43: Schmid Benoni} 10. Bxf6 (10. Na4 Bd5 11. Bxf6 Bxf6 12. Bxd5 Qxd5 13. Nc3 Qd8 14. Ne4 Be7 15. c3 f5 16. Nec5 dxc3 17. Nxb7 Qxd1 18. Rfxd1 cxb2 {1-0 (86) Bindrich,F (2605)-Batsiashvili,N (2504) Caleta 2018}) 10... gxf6 11. Ne4 Qb6 12. Qc1 h5 {[%cal Bh7h5,Bh5h4,Bh4h3][%mdl 32] LiveBook: 5 Games} 13. c3 $146 ({Predecessor:} 13. c4 h4 14. c5 Qb5 15. Qd2 a5 16. Rfd1 Rd8 17. Nc1 hxg3 18. hxg3 {0-1 (41) Keene,R-Panno,O Palma de Mallorca 1971}) 13... h4 14. cxd4 Bxb3 15. axb3 Nxd4 16. Qe3 Qxb3 (16... h3 $15 17. Bf3 Qxb3) 17. Qxb3 $11 Nxb3 18. Ra4 (18. Rad1 $11 {remains equal.}) 18... h3 $17 19. Bh1 O-O-O $1 {Hoping for ...f5.} 20. Nc3 $1 Kb8 $1 $36 {[%mdl 2048] Black has good play.} 21. Bd5 Nc5 22. Rb4 f5 23. Ra1 (23. Bxf7 $142 Rd2 24. Nd5) 23... Rh6 24. f3 (24. Bxf7 $17 {is a better defense.} a6 25. Rf1) 24... Rhd6 $19 25. e4 fxe4 26. fxe4 {[#]} f5 $1 {[%mdl 512] aiming for ...Bg5.} 27. Rb5 {[#]} (27. exf5 Rxd5) 27... R6d7 $1 28. Bc6 (28. exf5 {was called for.} a6 29. Rba5) 28... Rd2 29. exf5 {[#]} a6 $1 {[%cal Ra6b5]} 30. f6 $2 (30. Rxa6 Kc7 31. Bxb7 Nxa6 32. Bxa6) 30... Bf8 ({Not} 30... axb5 31. fxe7 bxc6 32. exd8=N $17) 31. Rb4 R8d4 32. Rxd4 exd4 {[%cal Be5d4,Bd4d3][%mdl 32]} 33. Ne4 Rg2+ 34. Kf1 bxc6 35. Nxc5 Bxc5 36. Rc1 d3 {Precision: White = 26%, Black = 85%.} 0-1

[Event "IRT Club Caissa 2019"]
[Site "Guatemala"]
[Date "2019.01.10"]
[Round "4"]
[White "Mitkov, Nikola"]
[Black "Mareco, Sandro"]
[Result "1/2-1/2"]
[WhiteElo "2477"]
[BlackElo "2661"]
[Annotator "TA"]
[PlyCount "36"]
[EventDate "2019.01.09"]
[EventType "swiss"]
[EventCountry "GUA"]
[SourceTitle "playchess.com"]
[Source "ChessBase"]
[SourceQuality "1"]

{[%evp 9,36,0,-11,-9,32,31,29,31,31,26,27,27,23,7,31,0,1,13,23,0,32,27,31,35,35,15,13,8,21]} 1. e4 e5 2. Bc4 Nf6 3. Nc3 Bc5 4. Nge2 (4. d3 c6 5. Bb3 d6 6. Nf3 O-O 7. h3 Nbd7 8. O-O Bb6 9. a3 Nc5 10. Ba2 Ne6 11. Ne2 Re8 12. Be3 Bxe3 13. fxe3 {1-0 (22) Nakamura,H (2780)-Topalov,V (2749) Saint Louis 2017}) 4... c6 5. O-O d6 $146 ({Predecessor:} 5... O-O 6. d4 exd4 7. Nxd4 b5 8. Bb3 a5 9. e5 a4 10. Bg5 Qb6 11. Nf5 Ne8 {1-0 (35) Stoyanov,T-Krastev,K (1825) Sofia 2010}) 6. d4 {C27: Vienna Game: 2...Nf6 3 Bc4 Nxe4} Bb6 (6... exd4 {seems wilder.} 7. Nxd4 O-O 8. Nb3 Bg4 9. Qd3 b5) 7. dxe5 dxe5 8. Qxd8+ {White has an edge.} Bxd8 9. a4 a5 10. Be3 Ng4 11. Bc5 Na6 {[%cal Bb8a6,Ba6c7,Bc7e6,Be6c5][%mdl 32]} 12. Bd6 {And now h3 would win.} Bc7 13. Bxc7 Nxc7 14. Nd1 Ne6 15. f3 Nf6 {[%cal Bg4f6,Bf6d7,Bd7b6][%mdl 32]} 16. Ne3 Nc5 17. Nc1 Nfd7 18. Rd1 Nb6 {Accuracy: White = 70%, Black = 67%.} 1/2-1/2

[Event "IRT Club Caissa 2019"]
[Site "Guatemala"]
[Date "2019.01.10"]
[Round "4"]
[White "Sriram, Jha"]
[Black "Mejia de L., Fernando A."]
[Result "1-0"]
[WhiteElo "2373"]
[BlackElo "1742"]
[Annotator "TA"]
[PlyCount "65"]
[EventDate "2019.01.09"]
[EventType "swiss"]
[EventCountry "GUA"]
[SourceTitle "playchess.com"]
[Source "ChessBase"]
[SourceQuality "1"]

{[%evp 9,65,110,108,127,123,114,142,141,151,125,181,182,206,193,245,240,224,226,268,229,297,300,310,287,351,285,309,258,252,237,247,259,416,418,437,437,523,529,566,554,862,878,1654,1686,1677,1701,1611,1596,1661,1452,1838,1847,2845,2842,2858,2867,3203,2785]} 1. d4 Nf6 2. Nf3 g6 3. c4 d5 4. cxd5 c6 (4... Nxd5 5. e4 Nb6 6. Nc3 Bg7 7. h3 O-O 8. Be3 Nc6 9. Bb5 f5 10. Qb3+ Kh8 11. Rd1 Na5 12. Qb4 a6 13. Qxa5 axb5 14. Qxb5 fxe4 15. Ng5 c6 16. Qb3 {1-0 (38) Le,Q (2739)-Maghsoodloo,P (2569) Ashkhabad 2017}) 5. dxc6 Nxc6 6. Nc3 $146 {D70: Grünfeld: Unusual White 3rd moves (met by ...d5)} ({Predecessor:} 6. e3 a6 7. Be2 Bg7 8. O-O O-O 9. Nc3 Nd5 10. Bd2 Re8 11. Rc1 {1-0 (24) Boenisch,A (2075)-Naudin,Y France 1998}) 6... Bg7 7. d5 Nb8 8. e4 {White is clearly better.} O-O 9. Be2 {[%cal Bf1e2,Be2c4,Bc4b3][%mdl 32]} Nbd7 (9... e6 $16 {was called for.} 10. O-O exd5) 10. O-O $18 Ne8 11. Bf4 e5 (11... Nd6 {was necessary.} 12. e5 g5) 12. dxe6 fxe6 13. Bg3 Qa5 14. Bc4 Nb6 15. Bb3 Kh8 16. h4 Nf6 17. Ng5 h6 18. Nxe6 Bxe6 19. Bxe6 Rae8 20. Qb3 Qh5 $2 (20... Qc5 {is a better defense.} 21. Bf7 Nxe4) 21. Rad1 Ng4 22. a4 {White is clearly winning.} g5 23. hxg5 Qxg5 {[#]} 24. a5 $1 Ne5 (24... Qxa5 25. Bxg4) 25. axb6 Rf3 26. gxf3 Nxf3+ 27. Kg2 Nh4+ 28. Kh3 Nf3 29. Qb5 Rxe6 30. bxa7 {[%mdl 64] [#] Discovered Attack} Ne5 31. a8=Q+ {[%mdl 64] Double Attack} Kh7 32. Qe2 Ng6 33. Qg4 {Accuracy: White = 68%, Black = 22%.} 1-0

[Event "IRT Club Caissa 2019"]
[Site "Guatemala"]
[Date "2019.01.10"]
[Round "4"]
[White "Lozano, Ricardo"]
[Black "Cuenca Jimenez, Jose Fernando"]
[Result "0-1"]
[WhiteElo "2017"]
[BlackElo "2512"]
[Annotator "ChessBase"]
[PlyCount "66"]
[EventDate "2019.01.09"]
[EventType "swiss"]
[EventCountry "GUA"]
[SourceTitle "playchess.com"]
[Source "ChessBase"]
[SourceQuality "1"]
[TimeControl "5400+30"]

1. f4 {[%emt 0:03:50]} c5 {[%emt 0:01:19]} 2. e4 {[%emt 0:01:15]} Nc6 {[%emt 0:02:09]} 3. Nf3 {[%emt 0:00:13]} g6 {[%emt 0:00:08]} 4. Be2 {[%emt 0:00:17]} d5 {[%emt 0:02:03]} 5. d3 {[%emt 0:00:52]} Bg7 {[%emt 0:00:27]} 6. O-O {[%emt 0:00:28]} e6 {[%emt 0:00:42]} 7. Nc3 {[%emt 0:02:20]} Nge7 {[%emt 0:00:29]} 8. Qe1 {[%emt 0:01:33]} b6 {[%emt 0:02:29]} 9. Qg3 {[%emt 0:00:16]} Ba6 {[%emt 0:02:01]} 10. Ne5 {[%emt 0:02:12]} Nd4 {[%emt 0:03:18]} 11. Bd1 {[%emt 0:01:01]} O-O {[%emt 0:04:29]} 12. Qh3 {[%emt 0:02:49]} b5 {[%emt 0:03:58]} 13. Re1 {[%emt 0:04:34]} b4 {[%emt 0:02:30]} 14. Ne2 {[%emt 0:00:31]} dxe4 {[%emt 0:03:58]} 15. Nxd4 {[%emt 0:02:34]} Qxd4+ {[%emt 0:00:28]} 16. Qe3 {[%emt 0:06:49]} exd3 {[%emt 0:02:21]} 17. Qxd4 {[%emt 0:00:21]} cxd4 {[%emt 0:00:04]} 18. Nxd3 {[%emt 0:00:56]} Rab8 {[%emt 0:02:50]} 19. Nc5 {[%emt 0:00:27]} Bb5 {[%emt 0:00:56]} 20. a4 {[%emt 0:04:00]} Bc6 {[%emt 0:01:26]} 21. Be2 {[%emt 0:02:26]} a5 {[%emt 0:02:54]} 22. Bc4 {[%emt 0:01:19]} Rfc8 {[%emt 0:02:33]} 23. Nxe6 {[%emt 0:00:20]} fxe6 {[%emt 0:00:10]} 24. Bxe6+ {[%emt 0:01:13]} Kf8 {[%emt 0:00:03]} 25. Bxc8 {[%emt 0:00:18]} Rxc8 {[%emt 0:00:04]} 26. g4 {[%emt 0:03:33]} Bf3 {[%emt 0:04:21]} 27. f5 {[%emt 0:02:07]} Bxg4 {[%emt 0:01:33]} 28. fxg6 {[%emt 0:00:23]} Nxg6 {[%emt 0:01:01]} 29. Bg5 {[%emt 0:01:31]} Rxc2 {[%emt 0:02:24]} 30. Rf1+ {[%emt 0:00:13]} Kg8 {[%emt 0:00:29]} 31. Rae1 {[%emt 0:00:23]} Be2 {[%emt 0:00:20]} 32. Rc1 {[%emt 0:03:01]} d3 {[%emt 0:01:40]} 33. Rxc2 {[%emt 0:00:38]} Bd4+ {[%emt 0:01:06]} 0-1

[Event "IRT Club Caissa 2019"]
[Site "Guatemala"]
[Date "2019.01.10"]
[Round "4"]
[White "Ajanel Xiroj, Genry"]
[Black "Molina Hun, Hieysson"]
[Result "1/2-1/2"]
[WhiteElo "1647"]
[BlackElo "1401"]
[Annotator "NA RC"]
[PlyCount "88"]
[EventDate "2019.01.09"]
[EventType "swiss"]
[EventCountry "GUA"]
[SourceTitle "playchess.com"]
[Source "ChessBase"]
[SourceQuality "1"]
[TimeControl "5400+30"]

1. c4 {[%emt 0:03:53]} Nf6 {[%emt 0:00:00]} 2. Nc3 {[%emt 0:00:42]} g6 {[%emt 0:00:07]} 3. Nf3 {[%emt 0:00:30]} Bg7 {[%emt 0:00:24]} 4. g3 {[%emt 0:01:01]} O-O {[%emt 0:01:42]} 5. Bg2 {[%emt 0:01:35]} c5 {[%emt 0:03:45]} 6. O-O {[%emt 0:02:58]} d6 {[%emt 0:02:47]} 7. Rb1 {[%emt 0:02:33]} Nc6 {[%emt 0:06:17]} 8. a3 {[%emt 0:09:09]} a5 {[%emt 0:06:12]} 9. Nb5 {[%emt 0:03:53]} Bf5 {[%emt 0:09:57]} 10. d3 {[%emt 0:08:24]} Qd7 {[%emt 0:07:35]} 11. Re1 {[%emt 0:10:52]} Ne8 {[%emt 0:04:09]} 12. b3 {[%emt 0:04:31]} Nc7 {[%emt 0:05:07]} 13. Nxc7 {[%emt 0:06:49]} Qxc7 {[%emt 0:02:26]} 14. Bb2 {[%emt 0:00:16]} e5 {[%emt 0:00:37]} 15. e4 {[%emt 0:04:30]} Bg4 {[%emt 0:02:52]} 16. h3 {[%emt 0:02:11]} Bxf3 {[%emt 0:01:58]} 17. Bxf3 {[%emt 0:02:26]} Qe7 {[%emt 0:00:54]} 18. Qd2 {[%emt 0:01:02]} h5 {[%emt 0:00:35]} 19. Bc3 {[%emt 0:01:01]} a4 {[%emt 0:09:58]} 20. b4 {[%emt 0:03:18]} b6 {[%emt 0:00:34]} 21. Rb2 {[%emt 0:02:10]} Rfb8 {[%emt 0:00:38]} 22. Reb1 {[%emt 0:00:19]} Qc7 {[%emt 0:00:08]} 23. bxc5 {[%emt 0:02:36]} bxc5 {[%emt 0:00:10]} 24. Rb5 {[%emt 0:00:19]} Na7 {[%emt 0:03:30]} 25. Rxb8+ {[%emt 0:00:50]} Rxb8 {[%emt 0:00:05]} 26. Rxb8+ {[%emt 0:00:13]} Qxb8 {[%emt 0:00:04]} 27. Qb2 {[%emt 0:00:14]} Qb3 {[%emt 0:00:45]} 28. Be2 {[%emt 0:02:15]} Nc6 {[%emt 0:00:53]} 29. Qxb3 {[%emt 0:01:44]} axb3 {[%emt 0:00:05]} 30. Bd1 {[%emt 0:00:34]} Nd4 {[%emt 0:00:04]} 31. Bxd4 {[%emt 0:01:12]} exd4 {[%emt 0:00:04]} 32. Bxb3 {[%emt 0:00:12]} Bf6 {[%emt 0:00:03]} 33. Kg2 {[%emt 0:00:17]} g5 34. f4 {[%emt 0:02:59]} Kg7 {[%emt 0:04:20]} 35. Kf3 {[%emt 0:00:16]} Kg6 {[%emt 0:01:00]} 36. fxg5 {[%emt 0:00:35]} Kxg5 {[%emt 0:00:19]} 37. h4+ {[%emt 0:00:10]} Kg6 {[%emt 0:00:04]} 38. Kf4 {[%emt 0:00:07]} Bd8 {[%emt 0:02:28]} 39. Kf3 {[%emt 0:01:02]} f6 {[%emt 0:00:08]} 40. Kf4 {[%emt 0:00:04]} Ba5 {[%emt 0:00:08]} 41. Bc2 {[%emt 0:01:03]} Bd8 {[%emt 0:00:05]} 42. Bb3 {[%emt 0:00:16]} Ba5 {[%emt 0:00:05]} 43. Bc2 {[%emt 0:00:04]} Bd8 {[%emt 0:00:03]} 44. Bb3 {[%emt 0:00:09]} Ba5 {[%emt 0:00:04]} 1/2-1/2